Quiz Voiture: trouvez la marque en fonction de la voiture #3 - Statistiques

Statistiques générales
  • Ce quiz a été pris 554 fois
  • Le résultat moyen est 12 sur 16
Statistiques - réponses
Par images Réponse % Correct
Jeep
96%
Bugatti
90%
Land rover
89%
Seat
89%
Hyundai
88%
Mitsubishi
87%
Maserati
85%
Mazda
84%
Mclaren
84%
Skoda
84%
Toyota
78%
Chrysler
66%
Cadillac
54%
Suzuki
46%
Abarth
39%
Holden
10%
Aucun quiz correspondant
Distribution des résultats
% des personnes avec chaque résultat
Percentile par nombre de réponses
Votre historique - résultats
Vous n’avez pas pris ce quiz